| 000 | 00740nam a2200253Ia 4500 | ||
|---|---|---|---|
| 001 | dia_4149 | ||
| 003 | CHAP | ||
| 005 | 20230119175740.0 | ||
| 007 | ta | ||
| 008 | 220117s1987 mx f 000 0 spa d | ||
| 010 | _a174779 | ||
| 040 |
_cCHAP _amxchpua |
||
| 090 | _aFOLLETO 2492 | ||
| 110 | 1 |
_976890 _aMéxico. Coordinación General de Abasto y Distribución |
|
| 245 | 1 | 0 |
_aSistema producto jitomate para el Distrito Federal / _cCoordinacion general de abasto y distribución |
| 260 |
_aMéxico : _bCoabasto, _c1987 |
||
| 300 | _a48 hojas | ||
| 500 | _aS/c | ||
| 650 | 1 | 7 |
_aTomate _9113672 |
| 901 | _aFOLLETO 2492 | ||
| 902 | _aM | ||
| 905 | _a0000001987 mx 0000000000spa00 | ||
| 942 |
_cFOLL _2local |
||
| 999 |
_c174779 _d174779 |
||